Normal view
MARC view
Entry Topical Term
001 - CONTROL NUMBER
- control field: 11449
003 - CONTROL NUMBER IDENTIFIER
- control field: BD-RjUL
005 - DATE AND TIME OF LATEST TRANSACTION
- control field: 20240205121257.0
008 - FIXED-LENGTH DATA ELEMENTS
- fixed length control field: 240205|| aca||aabn | a|a d
040 ## - CATALOGING SOURCE
- Original cataloging agency: BD-RjUL
- Transcribing agency: BD-RjUL
150 ## - HEADING--TOPICAL TERM
- Topical term or geographic name entry element: British
- Geographic subdivision: France
- Form subdivision: Fiction
670 ## - SOURCE DATA FOUND
- Source citation: Work cat.: (BD-RjUL)82949: Orczy, Emmuska Orczy, Baroness, 1865-1947. 11447, Pimpernel and Rosemary